000 00878nmc a2200289 a 4500
003 AR-BaBNM
005 20251128205136.0
008 011101s1992 ||||||||||||||000 | spa||
020 _a950-602-266-6
040 _cAR-BaBNM
245 1 0 _aDiccionario del pensamiento conservador y liberal
260 _aBuenos Aires
_bNueva Visión
_c1992
300 _a345 p.
490 0 _aObras de referencia
500 _aEspecialmente referido al pensamiento político inglés y a la interpretación que da éste de los hechos políticos
650 4 _aCIENCIAS POLITICAS
650 4 _aLIBERALISMO
650 4 _aCONSERVADURISMO
650 4 _aDICCIONARIOS
650 4 _aMATERIAL DE REFERENCIA
655 _aREFERENCIA
700 1 _aAshford, Nigel
_edirector
700 1 _aDavies, Stephen
_edirector
700 1 _aPons, Horacio
_etraductor
942 _cBK
998 _cEnrique
999 _c10162
_d10162